La señora de la calle Cangallo. Bajo el burlón mirar de las estrellas /

Guardado en:
Autor Principal: Devetach, Laura.
Otros Autores: Roldán, Gustavo., Lima, Juan; il.
Formato: Libro
Idioma:Undetermined
Publicado: Buenos Aires : Calibroscopio, 2021.
Edición:1a ed.
Series:Notables
Materias:
Etiquetas: Agregar Etiqueta
Sin Etiquetas, Sea el primero en etiquetar este registro!
LEADER 01124nam a22003135a 4500
001 CEM.cems019020
008 211104s2021####ag############000#0#und#d
005 20211104201348.0
003 CEMS
245 1 0 |a La señora de la calle Cangallo. Bajo el burlón mirar de las estrellas /  |c Laura Devetach ; Gustavo Roldan ; ilustrado por Juan Lima. 
250 |a 1a ed. 
260 |a Buenos Aires :  |b Calibroscopio,  |c 2021. 
300 |a 96 p. 
490 1 |a Notables 
500 |a Edición especial para el Ministerio de Educación de la Nación Argentina. 
505 0 |a La señora de la calle Cangallo / Laura Devetach -- Bajo el burlón mirar de las estrellas / Gustavo Roldán 
020 |a 97898739367399 
100 1 |a Devetach, Laura. 
700 1 |a Roldán, Gustavo. 
700 1 |a Lima, Juan; il. 
653 |a Poesía 
653 |a Poesía Argentina 
653 |a Poesía Contemporánea 
653 |a Literatura 
653 |a Literatura Argentina 
653 |a Poesía Infantil 
653 |a Literatura Infantil 
653 |a Colección Leer Abre Mundos 
859 |a CEMS  |b BIB. CEMS - 11 de abril  |h A861.4  |i D494  |p 29169.21  |t Ej. 1